• 首页
  • 本馆介绍
  • 公告通知
  • 最新文献
  • 馆藏检索
  • 电子资源
  • 读者导购
  • 参考咨询
  • 我的图书馆
  • 登录
  • 详细信息显示
  • 放入我的书架
  • 预约/预借图书
  • 作者相关作品
  • 分类相关作品
  • 丛书相关作品
  • 出版社相关作品

书目信息

  • 表格格式
  • 工作单格式
  • 卡片格式
题名:
论平等
    
 
作者: 皮埃尔·勒鲁 ;王允道 译
分册:  
出版信息:   商务印书馆  
页数: 296
开本: 20cm
丛书名:
单 册:
中图分类: D064
科图分类:
主题词: 民族殖民地问题--理论
电子资源:
ISBN: 7-100-01109-4
000 00564nam0 2200193 450
001 0760515518
005 20070817164835.51
010    @a7-100-01109-4@d¥7.40
100    @a20070817d km y0chiy0120 ea
101 0  @achi
200 1  @a论平等@Alun ping deng@f(法)皮埃尔.勒鲁@F(fa)pi ai er.le lu@g王允道译@Gwang yun dao yi
210    @c商务印书馆
215    @a296@d20cm
606 0  @a民族殖民地问题@x理论
690    @aD064@v3
701  0 @a皮埃尔·勒鲁@Api ai er·le lu
702  0 @a王允道@Awang yun dao@4译
801  0 @aCN@bPFT@c20070817
905    @a213230@dD064@eg19@f1
    
    论平等/(法)皮埃尔.勒鲁/王允道译.-商务印书馆
    296;20cm
    
    
    ISBN 7-100-01109-4:¥7.40
    
●
相关链接 在E读中查询图书 在五车中查询图书 在当当中查询图书 在豆瓣中查询图书


正题名:论平等     索取号:D064/g19         预约/预借

序号 登录号 条形码 馆藏地/架位号 状态 备注
1 6500378   265003783   密集书库-海洋学院/ [索取号:D064/g19] 在馆    
唐山师范学院图书馆 欢迎您!
大连网信软件有限公司© 版权所有